| 000 | 00819nam a2200241 4500 | ||
|---|---|---|---|
| 001 | 0000019316 | ||
| 005 | 20250329172015.0 | ||
| 007 | ta | ||
| 008 | 160627s2003 000 0 eng d | ||
| 020 | _a9588081211 | ||
| 040 |
_aCO-CtgCURN _bspa _ccoctgcurn |
||
| 082 | 0 |
_aR336 _bB74d |
|
| 100 | 1 | _aBriceño de Valencia, Martha Teresa. | |
| 245 | 1 | 0 |
_aDiccionario tecnico tributario / _cTeresa Briceño de Valencia y Ramon Vergara Lacombe. |
| 260 | 1 |
_aBogotá : : _bCentro Interamericano Juridico-Financiero,, _c2003. |
|
| 300 | _a633 p. | ||
| 500 | _aIncluye indice. | ||
| 650 | 1 | 4 |
_aDerecho fiscal _xDiccionarios, enciclopedias, etc. _zColombia. |
| 700 | 1 | _aI.Vergara Lacombe, Ramon. | |
| 908 | _a160627 | ||
| 942 |
_cREF _hR336 _iB74d |
||
| 999 |
_c7220 _d7220 |
||